Progressively Pixelated Flags #2 🚩 - Statistics

General Stats
  • This quiz has been taken 472 times
  • The average score is 15 of 16
Answer Stats
Picture Answer % Correct
Spain
99%
Saudi Arabia
97%
South Africa
97%
Turkmenistan
96%
Montenegro
95%
Papua New Guinea
95%
Azerbaijan
94%
Ethiopia
93%
Fiji
91%
Antigua and Barbuda
90%
Grenada
90%
Saint Vincent and the Grenadines
90%
Rwanda
88%
East Timor
85%
Guyana
85%
Sao Tome and Principe
85%
No matching quizzes found
Score Distribution
Percent of People with Each Score
Percentile by Number Answered
Your Score History
You have not taken this quiz